000 00927nam a2200373Ia 4500
001 6902
005 20240113233946.0
007 ta
008 050701s1966 a g b000 u eng u
020 _a0-02-979980-5
040 _aCotton College,Assam
041 _aeng
082 _a338.521
_bSt 51 Th
100 _aStigler, George J. .
245 0 _aThe Theory of Price /
_cGeorge J. Stigler.
_hTextual Documents
250 _a3rd ed. /
260 _aNew York :
_bMacmillan Publishing Co. ,
_c1966.
300 _aviii, 355p. :
_bill. ;
_c22cm .
504 _aIndex
653 _aEconomics
653 _aPrice
653 _aPG-Economics
653 _aMS-Economics
653 _aG-Economics
653 _aMicro Economics
653 _aT/G-Economics
942 _2ddc
_cBK
999 _c6889
_d6889